| 000 | 00477nam a2200181Ia 4500 | ||
|---|---|---|---|
| 008 | 240925s9999 xx 000 0 und d | ||
| 020 | _a9780324313185 | ||
| 082 | _a657.024CAR | ||
| 100 | _aKnechel, W. Robert; Salterio, Steven E. | ||
| 245 | 0 | _aAuditing Assurance and Risk | |
| 250 | _a3rd | ||
| 260 |
_aAustralia: _bCENGAGE Learning _c,2007. |
||
| 300 |
_a500p. _b0 _fOriginal |
||
| 500 | _aIncludes Index | ||
| 600 | _aManagement | ||
| 650 | _aAccounting | ||
| 942 | _cBK | ||
| 999 |
_c14478 _d14478 |
||